[Event "CrunchLabs Masters PlayIn"]
[Site "chess.com INT"]
[Date "2024.07.17"]
[Round "2"]
[White "Santos Latasa, J."]
[Black "Iniyan, Pa"]
[Result "1-0"]
[WhiteElo "2631"]
[BlackElo "2533"]
[PlyCount "117"]
[EventDate "2024.07.17"]

1. Nf3 d5 2. e3 c5 3. d4 Nf6 4. Nbd2 Nc6 5. c3 e6 6. Bd3 Bd6 7. O-O O-O 8. dxc5 Bxc5 9. b4 Bd6 10. Bb2 a6 11. a3 b5 12. a4 Rb8 13. axb5 axb5 14. Qe2 Qb6 15. e4 Nh5 16. g3 Bxg3 $146 ({RR} 16... g6 17. e5 Be7 18. Nb3 f6 19. exf6 Bxf6 20. Nbd4 Ng7 21. Nxc6 Qxc6 22. Nd4 Qb6 23. Nxb5 e5 24. Ra5 Bh3 25. Rd1 Bg5 26. Bc1 Bxc1 27. Rxc1 Ne6 28. Qe3 Ng5 29. Qxb6 Rxb6 30. Kh1 Rxf2 31. Rc2 {Koellner,R (2485)-Bharath,S (2496) chess.com INT 2023 0-1 (35)}) 17. hxg3 Nxg3 18. Qe3 Qxe3 19. fxe3 Nxf1 20. Kxf1 dxe4 21. Nxe4 Bb7 22. Ke2 Rfd8 23. Nc5 Ne7 24. Nd4 e5 25. Nxb5 e4 26. Bc4 Bd5 27. Bxd5 Rxd5 28. c4 Rh5 29. Nxe4 Rh4 30. Nd2 Rh2+ 31. Kd3 Nc6 32. Bc3 Rd8+ 33. Kc2 h5 34. Nd4 Ne5 35. Kb3 Rh3 36. Nc2 Ng4 37. c5 Nxe3 38. Nxe3 Rxe3 39. Nc4 Re6 40. b5 h4 41. Rh1 g5 42. b6 Kh7 43. Be5 f6 44. Bc7 Rd3+ 45. Kb4 Re8 46. Nd6 Ree3 47. b7 Rb3+ 48. Kc4 Rxb7 49. Nxb7 Re7 50. Bd8 Rxb7 51. c6 Rb8 52. c7 Rc8 53. Kd5 Kg6 54. Ke6 f5 55. Kd7 Ra8 56. Rg1 g4 57. Bxh4 Kh5 58. Bg3 Kg5 59. Rf1 1-0

[Event "CrunchLabs Masters PlayIn"]
[Site "chess.com INT"]
[Date "2024.07.17"]
[Round "2"]
[White "Deac, Bogdan-Daniel"]
[Black "Kantor, G."]
[Result "1-0"]
[WhiteElo "2683"]
[BlackElo "2520"]
[PlyCount "89"]
[EventDate "2024.07.17"]

1. Nf3 d5 2. g3 g6 3. Bg2 Bg7 4. O-O e5 5. d3 Ne7 6. e4 O-O 7. b4 ({RR} 7. a4 a5 8. Na3 Nbc6 9. c3 h6 10. Nb5 Be6 11. Re1 Qd7 12. d4 dxe4 13. Nxe5 Nxe5 14. dxe5 Qxd1 15. Rxd1 Rad8 16. Be3 c6 17. Nd6 Bxe5 18. Nxb7 Rxd1+ 19. Rxd1 Rb8 20. Rd8+ Rxd8 21. Nxd8 Bb3 {Artemiev,V (2704)-Nepomniachtchi,I (2792) Moscow 2021 ½-½ (41)}) 7... a6 ({RR} 7... d4 8. c3 a5 9. b5 c5 10. bxc6 Nexc6 11. Bb2 Na6 12. cxd4 exd4 13. Na3 Be6 14. Qd2 Nc5 15. Nc2 Na4 16. Ba3 Re8 17. Rfb1 Rb8 18. Bb2 b5 19. h4 h6 20. Kh2 b4 21. Bh3 f5 22. exf5 {Banusz,T (2580)-To,N (2298) chess.com INT 2025 0-1 (53)}) 8. Bb2 Nbc6 9. a3 Bg4 $146 ({RR} 9... Re8 10. Nbd2 h6 11. Re1 d4 12. Nb3 g5 13. c3 dxc3 14. Bxc3 Ng6 15. Qe2 b6 16. a4 Be6 17. Nfd2 Qd6 18. b5 Nb4 19. Bf1 Red8 20. a5 Nc2 21. axb6 cxb6 22. Rxa6 Nxe1 23. Qxe1 Rxa6 24. bxa6 {Wadsworth,M (2446)-Grigoriants,S (2562) chess.com INT 2023 0-1}) 10. h3 Be6 11. Ng5 Bc8 12. Re1 a5 13. b5 Nd4 14. a4 c6 15. Na3 h6 16. Nf3 Nxf3+ 17. Qxf3 f5 18. Qd1 fxe4 19. dxe4 d4 20. c3 c5 21. cxd4 cxd4 22. Qb3+ Kh7 23. Rac1 Qd6 24. Nc4 Qf6 25. Rf1 Be6 26. Qd3 Bd7 27. f4 exf4 28. Rxf4 Qg5 29. h4 Qc5 30. Ba3 Qh5 31. Bxe7 Rxf4 32. gxf4 Re8 33. Bd6 Qxh4 34. Rf1 Be6 35. Be5 Rc8 36. Nd2 Rc3 37. Qxd4 Rg3 38. Rf2 Bf8 39. f5 Rxg2+ 40. Rxg2 Qe1+ 41. Nf1 gxf5 42. Qb6 Bf7 43. Bd6 Bc4 44. Qxb7+ Kh8 45. Be5+ 1-0

[Event "CrunchLabs Masters PlayIn"]
[Site "chess.com INT"]
[Date "2024.07.17"]
[Round "2"]
[White "Pranav, V."]
[Black "Dubov, Daniil"]
[Result "1-0"]
[WhiteElo "2620"]
[BlackElo "2701"]
[PlyCount "111"]
[EventDate "2024.07.17"]

1. Nf3 Nf6 2. g3 g6 3. Bg2 Bg7 4. O-O O-O 5. c4 d6 6. Nc3 a5 ({RR} 6... Bd7 7. d4 Re8 8. b3 e5 9. dxe5 dxe5 10. Ng5 Bc6 11. Qxd8 Rxd8 12. Nge4 Nxe4 13. Nxe4 Nd7 14. Ba3 f5 15. Ng5 Bxg2 16. Kxg2 Re8 17. Rad1 Nf6 {½-½ (17) Ribli,Z (2569)-Kempinski,R (2528) Germany 2000}) 7. d3 ({RR} 7. e4 Nc6 8. d4 Bg4 9. Be3 e5 10. d5 Ne7 11. h3 Bxf3 12. Bxf3 Nd7 13. Bg2 f5 14. Qd2 f4 15. gxf4 exf4 16. Bxf4 Nb6 17. Bg3 Nxc4 18. Qe2 Nb6 19. f4 a4 20. Rac1 a3 21. b3 Qd7 {Woodward,A (2536)-Fiorito,J (2402) chess.com INT 2025 1-0 (44)}) 7... Na6 8. Rb1 $146 ({RR} 8. Bd2 Ra7 9. Rb1 c5 10. Qc2 Bd7 11. a3 b6 12. Ng5 Nc7 13. Nge4 Ne6 14. a4 Nd4 15. Qd1 Qc8 16. Nb5 Nxb5 17. axb5 Be6 18. Qc2 Rd8 19. Ng5 Bd7 20. Bc3 Rf8 21. Ne4 Nxe4 22. Bxe4 Bf5 {Rudolph,J (1677)-Kluge,H (1580) Schloss Schney 2004 ½-½ (38)}) 8... Nc5 9. b3 e5 10. Bg5 Ne6 11. Bxf6 Bxf6 12. a3 Bg7 13. b4 f5 14. Qc2 axb4 15. axb4 g5 16. e3 g4 17. Nd2 f4 18. Ra1 Rb8 19. Rfe1 c6 20. Nb3 Ng5 21. Ne4 h5 22. exf4 exf4 23. Ra5 Bf5 24. Nxg5 Qxg5 25. Be4 Rbe8 26. Qd2 Qe7 27. Bd5+ cxd5 28. Rxe7 Rxe7 29. Rxd5 f3 30. h4 gxh3 31. Nd4 Bg4 32. Kh2 Rfe8 33. Rg5 Kh8 34. Rxg7 Kxg7 35. Qg5+ Kh7 36. Qf6 Re2 37. Nxe2 Rxe2 38. Qd4 Kg8 39. c5 dxc5 40. Qxc5 Kf7 41. b5 Ke6 42. Qd4 Ke7 43. Qb6 Ke8 44. Qa7 Kf8 45. Qb8+ Ke7 46. Qxb7+ Kd6 47. Qb6+ Kd7 48. Qa7+ Kd6 49. Kg1 Re1+ 50. Kh2 Re2 51. Qd4+ Kc7 52. Qc3+ Kb6 53. Qc6+ Ka5 54. Qc5 Ka4 55. b6 Rb2 56. Qd4+ 1-0

[Event "CrunchLabs Masters PlayIn"]
[Site "chess.com INT"]
[Date "2024.07.17"]
[Round "2"]
[White "Nakamura, Hi"]
[Black "Ponomariov, R."]
[Result "1-0"]
[WhiteElo "2802"]
[BlackElo "2654"]
[PlyCount "151"]
[EventDate "2024.07.17"]

1. Nf3 d5 2. e3 Nf6 3. c4 e6 4. Nc3 Bd6 5. Qc2 ({RR} 5. b3 O-O 6. Bb2 Re8 7. Rc1 a6 8. cxd5 exd5 9. g3 Bf5 10. Ne2 Nc6 11. a3 Qe7 12. b4 a5 13. b5 Ne5 14. Nxe5 Bxe5 15. Bxe5 Qxe5 16. Bg2 Bd3 17. Qb3 Bc4 18. Qc3 Qf5 19. Nd4 Qg6 {Le,Q (2739)-Gajewski,G (2547) chess.com INT 2025 1-0}) ({RR} 5. b3 O-O 6. Bb2 c5 7. cxd5 exd5 8. d4 cxd4 9. Nxd4 Nc6 10. Be2 Nxd4 11. Qxd4 Re8 12. O-O Be5 13. Qd3 Ne4 14. Nxe4 Bxb2 15. Rad1 Bf5 16. Qd2 Bxe4 17. Qxb2 Qg5 18. g3 h5 19. Qd4 h4 {Tscheuschner,G (2236)-Chakrabarty,R (2181) Budapest HUN 2025 0-1}) 5... O-O 6. cxd5 exd5 7. Nb5 c5 $146 ({RR} 7... Nc6 8. Nxd6 Qxd6 9. Be2 d4 10. O-O Nb4 11. Qb1 d3 12. Bd1 Bf5 13. b3 Nc2 14. Bb2 Nxa1 15. Qxa1 a5 16. a4 c5 17. Ne5 Qe6 18. f3 Bg6 19. e4 Rfe8 20. Nxd3 Qd6 21. Nf2 Qxd2 22. Bxf6 {Rasulov,V (2539)-Cieslak,P (2380) chess.com INT 2024 1-0 (37)}) 8. Nxd6 Qxd6 9. b3 Nc6 10. Ba3 b6 11. Bb5 Bd7 12. Bxc6 Qxc6 13. O-O Rfe8 14. d4 Rac8 15. dxc5 bxc5 16. Bb2 Qb6 17. h3 Ne4 18. Rfd1 Be6 19. Rac1 f6 20. Nd2 Nxd2 21. Qxd2 Rc6 22. Rc2 Rec8 23. Rdc1 Qa6 24. Rc3 Qb5 25. Qd1 a5 26. Ba1 h6 27. Qf3 c4 28. Rd1 a4 29. Qe2 axb3 30. axb3 Qb4 31. bxc4 dxc4 32. Rdc1 Bf5 33. e4 Be6 34. Rg3 c3 35. Qe3 Kh7 36. Bxc3 Qe7 37. Kh1 Rc4 38. f4 R8c6 39. Qd3 Qd7 40. Qf3 Qc7 41. f5 Bf7 42. Qd3 Qd6 43. Qe3 Qc5 44. Qe2 Qe7 45. Re3 Qc7 46. Qe1 Qf4 47. Bd2 Rxc1 48. Bxc1 Qe5 49. Bd2 Rc2 50. Rf3 Bh5 51. Rd3 Rc4 52. Re3 Qd4 53. Bc3 Qd1 54. Qxd1 Bxd1 55. e5 fxe5 56. Bxe5 Rc5 57. g4 Rd5 58. Bc3 Rd7 59. Kg2 Kg8 60. Re1 Kf7 61. Re5 Bc2 62. Rc5 Be4+ 63. Kg3 Bb7 64. Kf4 Re7 65. Be5 Rd7 66. h4 Kg8 67. g5 hxg5+ 68. hxg5 g6 69. fxg6 Re7 70. Rb5 Rd7 71. Rb2 Kf8 72. Bf6 Ke8 73. Re2+ Kf8 74. Rh2 Bd5 75. g7+ Kf7 76. Rh8 1-0

[Event "CrunchLabs Masters PlayIn"]
[Site "chess.com INT"]
[Date "2024.07.17"]
[Round "4"]
[White "Ponomariov, R."]
[Black "Ponkratov, P."]
[Result "1-0"]
[WhiteElo "2654"]
[BlackElo "2571"]
[PlyCount "67"]
[EventDate "2024.07.17"]

1. Nf3 c5 2. c4 Nc6 3. Nc3 e6 4. e3 Nf6 5. d4 cxd4 6. exd4 Bb4 7. Bd3 d5 8. O-O dxc4 9. Bxc4 O-O 10. Bg5 Be7 11. a3 h6 12. Bf4 ({RR} 12. Bh4 Bd7 13. Qd3 Rc8 14. Rac1 Nh7 15. Bxe7 Nxe7 16. d5 exd5 17. Nxd5 Bc6 18. Nxe7+ Qxe7 19. Nd4 Qg5 20. Nxc6 Rxc6 21. Qd7 Rg6 22. g3 Rb6 23. b4 Nf6 24. Qe7 Qf5 25. Rfe1 Ng4 26. Re2 Rf6 {Calvo Gonzalez,J (2198)-Yevchenko,A (2276) chess.com INT 2025 0-1 (32)}) 12... Bd6 $146 ({RR} 12... b6 13. Ba2 Bb7 14. Qd2 Bd6 15. Rad1 Bxf4 16. Qxf4 Ne7 17. Ne5 Rc8 18. Rd3 Ned5 19. Nxd5 Bxd5 20. Bxd5 Qxd5 21. Qh4 Rc2 22. b4 Rfc8 23. Rg3 Kf8 24. Qf4 Qe4 25. Qxe4 Nxe4 26. Rf3 f6 27. Re1 {Erdogdu,M (2396)-Svane,R (2613) Chess.com INT 2020 1-0 (70)}) ({RR} 12... a6 13. Ba2 b5 14. d5 exd5 15. Nxd5 Nxd5 16. Qxd5 Bb7 17. Qh5 Nd4 18. Nxd4 Qxd4 19. Be5 Qe4 20. f3 Qe3+ 21. Kh1 Qg5 22. Qxg5 Bxg5 23. Rad1 Rfe8 24. Rd7 Re7 25. Rfd1 Bc6 26. R7d6 Bxf3 27. gxf3 {Shankland,S (2691)-Narayanan,S (2618) chess24.com INT 2020 ½-½ (45)}) 13. Ne5 Ne7 14. Qf3 Nf5 15. Rad1 Qb6 16. d5 Qxb2 17. dxe6 fxe6 18. Nb5 Bxe5 19. Rd2 Nh4 20. Qe2 Qxb5 21. Bxb5 Bxf4 22. Rc2 Kh8 23. g3 Nf5 24. gxf4 Nd4 25. Qd3 Nxc2 26. Qxc2 Nd5 27. Qc5 Kg8 28. Qd6 Nxf4 29. Rc1 a6 30. Bf1 b5 31. Rc7 Nd5 32. Bg2 Rb8 33. Bxd5 exd5 34. Qe7 1-0

[Event "CrunchLabs Masters PlayIn"]
[Site "chess.com INT"]
[Date "2024.07.17"]
[Round "6"]
[White "Kramnik, V."]
[Black "Indjic, A."]
[Result "1-0"]
[WhiteElo "2753"]
[BlackElo "2610"]
[PlyCount "125"]
[EventDate "2024.07.17"]

1. Nf3 {Prathamesh,Sunil Mokal} d5 2. g3 Bg4 3. Bg2 e6 4. O-O Nf6 5. d3 Be7 6. h3 Bh5 7. c4 ({RR} 7. Nbd2 c5 8. e4 Nc6 9. Re1 dxe4 10. dxe4 O-O 11. e5 Nd7 12. g4 Bg6 13. Nc4 Nb4) ({RR} 7. Nbd2 c5 8. e4 Nc6 9. Re1 dxe4 10. dxe4 O-O 11. e5 Nd7 12. g4 Bg6 13. Nc4 Nb4 14. Ne3 Nb6 15. Qe2 N6d5 16. Rd1 Qc7 17. Nxd5 Nxd5 18. a3 c4 19. Nd4 Rfd8 20. Kh1 c3 21. b4 Qb6 {Caruana,F (2808)-Carlsen,M (2832) Paris 2017 1-0 (49)}) 7... c6 8. Qb3 Qc8 ({RR} 8... Qb6 9. Be3 Qxb3 10. axb3 a6 11. g4 Bg6 12. Ne5 Nbd7 13. Nxg6 hxg6 14. Nc3) ({RR} 8... Qb6 9. Be3 Qxb3 10. axb3 a6 11. g4 Bg6 12. Nc3 Nbd7 13. Nd2 O-O 14. f4 h6 15. Nf3 Bd6 16. Rac1 Kh8 17. Nd2 Rfe8 18. d4 Kg8 19. c5 Bc7 20. b4 Bh7 21. Ra1 Kh8 22. Nb3 Ng8 23. Na5 {Paschall,W (2331)-Paszewski,M (2335) Budapest HUN 2024 ½-½ (35)}) 9. Bf4 $146 ({RR} 9. g4 Bg6 10. cxd5 cxd5 ({RR} 10... Nxd5 11. e4 Nf6 12. Ne5) ({RR} 10... exd5 11. Nh4) 11. Bf4 Nc6 12. Nc3 O-O 13. Rac1 Qd7 ({RR} 13... Nd7 14. Na4 Re8 15. Rfe1 Bd8 16. Nd4 e5 17. Nxc6 bxc6 18. Bg3 Qa6) 14. Ne5 ({RR} 14. e4 dxe4 15. dxe4 Nxe4 16. Rfd1 Qc8 17. Nxe4 Bxe4 18. Ne5 Bxg2 19. Kxg2 Rd8 20. Rxd8+ Bxd8 21. Nxc6 bxc6 22. Qa4) 14... Nxe5 15. Bxe5 h5 ({RR} 15... Bd6 16. f4 ({RR} 16. Bxd6 Qxd6 17. e4 ({RR} 17. Qxb7 Rfb8)) ({RR} 16. Bxf6 gxf6)) 16. g5 ({RR} 16. gxh5 Nxh5) 16... Ne8 ({RR} 16... Nh7 17. f4) 17. f4 ({RR} 17. h4 f6 18. gxf6 Bxf6) 17... Bc5+ ({RR} 17... f6 18. gxf6 gxf6 19. Bd4 Ng7 20. Bf2 ({RR} 20. e4 dxe4) ({RR} 20. Kh1 Kh8 ({RR} 20... Nf5 21. Bf2))) 18. d4 ({RR} 18. Kh1 Be3 19. Rc2 Nd6) 18... Bb6 19. f5 ({RR} 19. Na4 Bf5 ({RR} 19... f6 20. Nxb6 axb6 21. f5 Bxf5 22. Rxf5 exf5 23. Bxd5+)) ({RR} 19. Qa3 Bf5 ({RR} 19... f6 20. f5)) 19... Bxf5 20. Rxf5 exf5 21. Nxd5 Qe6 22. Kh1 ({RR} 22. g6 Qxe5) ({RR} 22. e3) 22... Rd8 23. Qf3 ({RR} 23. g6 Nf6 ({RR} 23... Qxg6 24. Ne7+) ({RR} 23... Nd6 24. Nf6+ gxf6 25. gxf7+ Kxf7 26. Bd5) ({RR} 23... fxg6 24. Rc8 Nc7 ({RR} 24... Rxc8 25. Ne7+ Kf7 26. Bd5) ({RR} 24... Qxc8 25. Nxb6+) 25. Rxc7 Bxc7 26. Bxc7) 24. Bxf6 ({RR} 24. Nxf6+ gxf6) 24... gxf6) 23... g6 {Kramnik,V (2812)-Bluebaum,M (2642) Dortmund 2017 CBM 180 [Prathamesh,Sunil Mokal] 1-0 (38)} {RR} 24. Nxb6 ({RR} 24. Nf4 Qxa2 25. Nxh5 Bxd4) 24... axb6 ({RR} 24... Qxb6 25. Qxb7 Qxb7 26. Bxb7 Nd6 27. Bc6 Ne4 28. Kg2) 25. Qxb7 Rd7 26. Qc6) 9... Nbd7 10. Nbd2 h6 11. g4 Bg6 12. Rac1 O-O 13. cxd5 exd5 14. Bg3 Bh7 15. Nd4 Re8 16. Qc3 Qd8 17. b4 Bf8 18. N2b3 Qb6 19. a3 a6 20. Rfe1 g5 21. Qd2 a5 22. bxa5 Qd8 23. a4 Bg6 24. f4 gxf4 25. Qxf4 h5 26. g5 Nh7 27. h4 Ne5 28. Bh3 Bd6 29. Qf2 Qb8 30. Kg2 Re7 31. Nf5 Bxf5 32. Bxf5 Nf8 33. Bh3 Neg6 34. e3 Ne6 35. Rf1 Ng7 36. Rce1 Qd8 37. Kh1 Bb4 38. Re2 c5 39. Bg2 Ra6 40. e4 c4 41. dxc4 dxc4 42. Nd2 Bxd2 43. Rxd2 Qxa5 44. Rd5 Qxa4 45. Qd4 Qc2 46. Rf2 Qc1+ 47. Kh2 Ra3 48. Qc5 Kh7 49. Rd8 Qe3 50. Qxe3 Rxe3 51. Bd6 Re8 52. Rd7 Nh8 53. e5 b5 54. Bd5 Kg8 55. g6 Nxg6 56. Bxf7+ Kh8 57. Bxg6 Ra8 58. Bc5 Rb3 59. e6 Nxe6 60. Bd6 Re3 61. Rh7+ Kg8 62. Rg2 Ra6 63. Bf5+ 1-0

[Event "CrunchLabs Masters PlayIn"]
[Site "chess.com INT"]
[Date "2024.07.17"]
[Round "7"]
[White "Gledura, B."]
[Black "Prohaszka, P2."]
[Result "1-0"]
[WhiteElo "2620"]
[BlackElo "2569"]
[PlyCount "131"]
[EventDate "2024.07.17"]

1. Nf3 d5 2. g3 c6 3. Bg2 Bg4 4. O-O Nf6 5. d4 e6 6. h3 Bf5 7. c4 ({RR} 7. Nh4 Be4 8. f3 Bg6 9. Nxg6 hxg6 10. e4 c5 11. c3 Qb6 12. Qb3 Qxb3 13. axb3 Nc6 14. Be3 cxd4 15. cxd4 dxe4 16. fxe4 Rd8 17. Ra4 b5 18. Ra6 Nxd4 19. e5 Nh5 20. Kf2 Bc5 21. g4 Nxb3 {Grischuk,A (2771)-Grigoriants,S (2540) St Petersburg 2018 ½-½ (52)}) 7... dxc4 $146 ({RR} 7... Nbd7 8. cxd5 exd5 9. Qb3 Qb6 10. Qe3+ Be7 11. Nh4 Bg6 12. Nc3 Nf8 13. f4 Bc2 14. Qd2 Be4 15. Nxe4 Nxe4 16. Bxe4 dxe4 17. Nf5 Ne6 18. e3 Bb4 19. Qc2 g6 20. Nh6 f5 21. Qc4 Ke7 22. g4 {Kulkarni,B (2372)-Mehmed,E (2194) Belgrade SRB 2024 0-1 (60)}) ({RR} 7... Bd6 8. Nc3 O-O 9. Nh4 Bg6 10. Nxg6 hxg6 11. Qb3 Qc8 12. e4 Nxe4 13. Nxe4 dxe4 14. Bxe4 Nd7 15. Be3 Nf6 16. Bg2 Rd8 17. Rfd1 Rd7 18. Rac1 Qe8 19. Re1 Qf8 20. Qa4 a6 21. a3 Rad8 22. b4 {Bodrogi,B (2460)-Sachilaru,A (2316) Eforie Nord ROU 2025 ½-½ (49)}) 8. Ne5 Nbd7 9. Nxc4 Be4 10. Bxe4 Nxe4 11. Qd3 Nd6 12. Nbd2 Nxc4 13. Nxc4 Be7 14. a4 O-O 15. Rd1 Nb6 16. Na5 Qd7 17. e4 Rad8 18. Bf4 Bf6 19. Qe2 Bxd4 20. Nb3 c5 21. a5 Nc8 22. Be3 e5 23. Nxc5 Qxh3 24. Nxb7 Rd7 25. Bxd4 exd4 26. a6 Nb6 27. Ra5 Re8 28. Rh5 d3 29. Qf3 Qe6 30. Nc5 Qg6 31. Nxd7 Nxd7 32. Rxd3 Nf6 33. Rf5 h5 34. e5 Ng4 35. Rd6 Qh7 36. e6 f6 37. Kg2 Qg6 38. Rf4 Kh7 39. Qe4 Ne5 40. Qxg6+ Kxg6 41. Rb4 Kf5 42. Rb7 Nc4 43. Rd4 Ne5 44. Rxa7 Rxe6 45. Rxg7 Rxa6 46. Rf4+ Ke6 47. Rh7 Rb6 48. b4 Rd6 49. Rxh5 Rd2 50. Rhf5 Nd7 51. Ra5 Rb2 52. Ra6+ Ke5 53. Rc6 Rb3 54. Rc2 Ke6 55. Re2+ Ne5 56. Ra2 Nd7 57. Re4+ Kf7 58. Ra7 Rd3 59. b5 Kg6 60. Rb4 Nb6 61. Ra6 Rd6 62. Rb3 Kf5 63. Rc3 Ke5 64. Rc6 Rxc6 65. bxc6 Nd5 66. Ra5 1-0

[Event "CrunchLabs Masters PlayIn"]
[Site "chess.com INT"]
[Date "2024.07.17"]
[Round "8"]
[White "Kramnik, V."]
[Black "Karthikeyan, M2."]
[Result "1-0"]
[WhiteElo "2753"]
[BlackElo "2627"]
[PlyCount "79"]
[EventDate "2024.07.17"]

1. Nf3 Nf6 2. g3 g6 3. Bg2 Bg7 4. O-O O-O 5. c4 c6 6. b3 d5 7. Bb2 Bf5 8. d3 a5 9. Nbd2 Na6 10. a3 Rc8 11. Qc2 b5 12. e4 $146 ({RR} 12. Nh4 Be6 13. Nhf3 Qb6 14. Rac1 Bf5 15. c5 Qc7 16. Be5 Qd8 17. e4 Bg4 18. Qb2 Bh6 19. Bd4 Bxf3 20. Bxf3 Nc7 21. e5 Nd7 22. Bg4 Ne6 23. f4 Nxd4 24. Qxd4 e6 25. Qe3 Qe7 26. d4 Rce8 {Gong,C (2171)-Li,S (2149) Tianjin CHN 2024 ½-½ (62)}) 12... dxe4 13. dxe4 Nxe4 14. Bxg7 Nxd2 15. Qb2 Nxf1 16. Bxf1 Re8 17. cxb5 cxb5 18. Nd4 Bd7 19. Nxb5 f6 20. Bh6 Nc5 21. Rd1 Qb6 22. b4 axb4 23. axb4 Bxb5 24. bxc5 Rxc5 25. Qb3+ e6 26. Be3 Qc6 27. Bg2 Rc3 28. Qb2 Qc4 29. Rb1 Bc6 30. Bxc6 Qxc6 31. Bd4 Rc2 32. Qa3 e5 33. Be3 Rc3 34. Qa2+ Qc4 35. Qa7 Rd3 36. h4 Rc8 37. Rb7 Rd1+ 38. Kh2 Qd5 39. Rg7+ Kf8 40. Qe7# 1-0

[Event "CrunchLabs Masters PlayIn"]
[Site "chess.com INT"]
[Date "2024.07.17"]
[Round "9"]
[White "Ghosh, D."]
[Black "Ibarra Jerez, JC."]
[Result "1-0"]
[WhiteElo "2568"]
[BlackElo "2559"]
[PlyCount "99"]
[EventDate "2024.07.17"]

1. Nf3 d6 2. d4 Nf6 3. g3 g6 4. Bg2 Bg7 5. O-O O-O 6. Re1 Nbd7 7. e4 e5 8. Nc3 b6 9. a4 a5 10. b3 Bb7 11. dxe5 dxe5 12. Nd2 Re8 ({RR} 12... Ba6 13. Bf1 Bxf1 14. Kxf1 c6 15. Nc4 Qc7 16. Qf3 Rfb8 17. Ba3 Ne8 18. Rad1 Nf8 19. Bxf8 Bxf8 20. Rd3 Rd8 21. Red1 {½-½ (21) Svane,R (2646)-Rapport,R (2752) Kiel GER 2023}) 13. Nc4 Bf8 14. Nb5 $146 ({RR} 14. Qe2 Bb4 15. Bd2 Ba6 16. Red1 Qe7 17. Bf1 Nc5 18. Qe3 Ne6 19. Nd5 Nxd5 20. exd5 Bc5 21. Qxe5 Bd4 22. Qe4 Bxa1 23. Rxa1 Qf6 24. dxe6 Qxa1 25. exf7+ Kxf7 26. Qf4+ Qf6 27. Qxc7+ Re7 28. Qxb6 Qf3 {Svane,R (2637)-Ibarra Jerez,J (2559) chess.com INT 2024 0-1 (72)}) 14... Bb4 15. c3 Bf8 16. Bg5 Re7 17. Qf3 Bg7 18. Rad1 Bc6 19. Bh3 h6 20. Bxd7 Rxd7 21. Nxe5 hxg5 22. Nxc6 g4 23. Qe2 Rxd1 24. Rxd1 Qe8 25. Qc4 Qxe4 26. Nxc7 Rf8 27. Nd5 Qxc4 28. bxc4 Ne4 29. Nxb6 Nxc3 30. Rd7 Re8 31. Re7 Rf8 32. c5 Bf6 33. Re1 Kg7 34. Kg2 Rh8 35. Nxa5 Rh5 36. Nb3 Bd8 37. a5 Rf5 38. a6 Nb5 39. Rd1 Bf6 40. Rd7 Rf3 41. Na5 Ra3 42. a7 Nxa7 43. Rxa7 Bd4 44. Nc6 Rxa7 45. Nxd4 Kf6 46. c6 Ke5 47. Nb5 Ra6 48. c7 Rxb6 49. c8=Q Rxb5 50. Qe8+ 1-0

[Event "CrunchLabs Masters PlayIn"]
[Site "chess.com INT"]
[Date "2024.07.17"]
[Round "9"]
[White "Puranik, A."]
[Black "Meier, Geo"]
[Result "1-0"]
[WhiteElo "2634"]
[BlackElo "2591"]
[PlyCount "117"]
[EventDate "2024.07.17"]

1. Nf3 {Roiz,Michael} d5 2. g3 Bg4 3. Bg2 e6 4. O-O Nf6 5. h3 Bh5 6. d3 ({RR} 6. d4 Nbd7 7. c4 c6 8. cxd5 exd5 9. Qb3 Qb6 10. Qe3+ Be7 11. Nh4 Bg6 12. Nc3 Qd8 ({RR} 12... Kf8 13. Nxg6+ hxg6 14. Qd3 Re8 15. Rb1 Kg8 16. b4) 13. b4 ({RR} 13. Nxg6 hxg6 14. Qd3 O-O 15. Bf4 Re8 16. Rfe1 Nb6 17. Rad1 Qd7 18. Bg5 Rad8 19. h4 Nh7 20. Bxe7 Rxe7 21. e4 dxe4 22. Nxe4 Rde8) 13... b5 ({RR} 13... O-O 14. Nxg6 hxg6 15. b5 Re8 16. Qd3 Bb4 17. bxc6 bxc6 18. Bd2) 14. a4 a5 ({RR} 14... a6 15. a5 O-O 16. Nxg6 hxg6 17. Rb1 Bd6 18. Qd3 Qe7) 15. Nxg6 hxg6 16. bxa5 b4 17. Na2 O-O 18. Bd2 Re8 ({RR} 18... c5 19. dxc5 Bxc5 20. Qb3 Qxa5 21. Nxb4 Ne4 22. Bxe4 dxe4 23. Rfb1 Rfb8 24. Be1) 19. Qb3 ({RR} 19. Rfb1 c5 20. dxc5 Bxc5 21. Qd3 Ne5 22. Qb3 Qxa5 23. Nxb4 Rab8) 19... c5 20. dxc5 Nxc5 {Vachier Lagrave,M (2803)-Bluebaum,M (2634) Karlsruhe/Baden-Baden 2017 CBM 178 [Roiz,Michael] 1-0 (74)} {RR} 21. Qd1 Qxa5 22. Bxb4 ({RR} 22. Nxb4 Nce4 23. Rb1 Nxd2 24. Nc6 Qa6 25. Nxe7+ Rxe7 26. Qxd2 Rxe2) 22... Qxa4 23. Bxd5 Qxd1 24. Rfxd1 Nxd5 25. Rxd5 Nb3 26. Rb1 Rxa2 27. Bxe7 Rxe7 28. Rxb3 Rexe2) 6... c5 $146 ({RR} 6... Be7 7. c4 c6 8. Qb3 Qb6 9. Be3 Qa6 10. cxd5 Bxf3 11. Bxf3 cxd5 12. Nc3 Nc6 13. Nb5 Rc8 14. Rfc1 O-O 15. Nd4 Nd7 16. Nxc6 bxc6 17. Bd4 Rb8 18. Qc2 Rfc8 19. b3 Ba3 20. Rd1 Bd6 21. Qb2 {Gledura,B (2633)-Salinas Herrera,P (2460) chess.com INT 2023 ½-½ (46)}) ({RR} 6... Be7 7. Nbd2 O-O 8. g4 Bg6 9. Ne5 Nbd7 {½-½ (9) Rajesh,C (2244)-Rozman,L (2353) New York USA 2025}) 7. Nh4 Nc6 8. f4 Bg6 9. Nc3 d4 10. Nb5 Be7 11. Qe1 O-O 12. Na3 Rc8 13. f5 exf5 14. Nxf5 Re8 15. Qf2 Nd5 16. Nc4 b5 17. Ncd6 Bxd6 18. Bxd5 Bb8 19. Bg2 Qd7 20. Nh4 Bh5 21. g4 Bg6 22. Bd2 Nb4 23. c3 Nc2 24. Rac1 Ne3 25. Bxe3 dxe3 26. Qe1 c4 27. Nxg6 hxg6 28. dxc4 Rxc4 29. Rd1 Qc7 30. Rf3 a5 31. Kf1 b4 32. Rd3 a4 33. cxb4 Rc2 34. Rc3 Rxc3 35. Qxc3 Qe7 36. Kg1 Qe6 37. a3 Rc8 38. Qd4 Rc1+ 39. Rf1 Rxf1+ 40. Kxf1 Be5 41. Qd8+ Kh7 42. Bd5 Qf6+ 43. Qxf6 gxf6 44. b3 axb3 45. Bxb3 Kg7 46. Kg2 f5 47. gxf5 gxf5 48. Kf3 f4 49. Ke4 Bc7 50. a4 Kg6 51. Bc4 f5+ 52. Kd5 Kg5 53. a5 Kh4 54. Kc6 Bb8 55. a6 Ba7 56. Kb7 Bd4 57. a7 Bxa7 58. Kxa7 Kg3 59. Bd5 1-0

[Event "Crunchlabs Play-In Match D1"]
[Site "chess.com INT"]
[Date "2024.07.18"]
[Round "1.2"]
[White "Kramnik, V."]
[Black "Antipov, M2."]
[Result "1-0"]
[WhiteElo "2753"]
[BlackElo "2602"]
[PlyCount "75"]
[EventDate "2024.07.18"]
[EventType "k.o."]

1. Nf3 c5 2. b3 g6 3. Bb2 Nf6 4. g3 Bg7 5. Bg2 d5 6. c4 d4 7. b4 Nfd7 8. O-O Nc6 9. bxc5 Nxc5 10. d3 Rb8 11. Nbd2 O-O 12. Ng5 Bd7 $146 ({RR} 12... Qa5 13. Nb3 Nxb3 14. Qxb3 Bg4 15. Nf3 b5 16. c5 Rbc8 17. a3 h6 18. Qd1 Rfd8 19. Nd2 Ne5 20. f3 Be6 21. Rc1 Nd7 22. c6 Ne5 23. Nb3 Qb6 24. Nc5 Bd5 25. Kh1 Nxc6 26. Nb3 e6 27. Nd2 {Gomes,M (2381)-Neelotpal,D (2485) Kolkata 2012 0-1 (36)}) 13. Nge4 Nxe4 14. Nxe4 b5 15. cxb5 Rxb5 16. Bc1 Nb4 17. a4 Rb8 18. Bd2 Nd5 19. Rc1 Rb2 20. Rc5 Nc3 21. Nxc3 dxc3 22. Bxc3 Bxc3 23. Rxc3 Qa5 24. Rc4 Be6 25. Re4 Rc8 26. Qe1 Qxe1 27. Rxe1 Rcc2 28. f4 Ra2 29. Kf2 Rc3 30. Rd4 Bb3 31. Rb1 Bc2 32. Rc1 Rca3 33. Ke3 e6 34. Bc6 a5 35. Rd7 Rb3 36. Ra7 Rbb2 37. Be8 Bxa4 38. Bxf7+ 1-0

[Event "Crunchlabs Play-In Match D1"]
[Site "chess.com INT"]
[Date "2024.07.18"]
[Round "2.1"]
[White "Andreikin, D."]
[Black "Fedoseev, Vl3"]
[Result "1-0"]
[WhiteElo "2729"]
[BlackElo "2687"]
[PlyCount "97"]
[EventDate "2024.07.18"]
[EventType "k.o."]

1. Nf3 Nf6 2. g3 c5 3. Bg2 Nc6 4. c4 Qb6 5. Nc3 e6 6. O-O Be7 7. b3 O-O 8. Bb2 d6 $146 ({RR} 8... d5 9. cxd5 Nxd5 10. Nxd5 exd5 11. d4 c4 12. Ne5 Be6 13. Nxc6 {½-½ (13) Leer Salvesen,B (2365)-Haugli,P (2286) Norway 2013}) 9. e3 Bd7 10. d4 cxd4 11. Nxd4 a6 12. Qd2 Rac8 13. Rac1 Qa7 14. Rfd1 Nxd4 15. Qxd4 Qxd4 16. Rxd4 Bc6 17. Rcd1 Bxg2 18. Kxg2 Rfd8 19. Ba3 Ne8 20. R4d3 Rc6 21. Bb4 Kf8 22. e4 Nc7 23. a4 Ke8 24. a5 b5 25. axb6 Rxb6 26. Ba5 Rb7 27. e5 dxe5 28. Rxd8+ Bxd8 29. Ne4 Be7 30. b4 f5 31. Nc5 Bxc5 32. bxc5 Ra7 33. c6 Na8 34. Rb1 Rc7 35. Rb8+ Ke7 36. Rxa8 Rxc6 37. c5 e4 38. Bb6 e5 39. Rxa6 f4 40. Ra7+ Kf6 41. Rc7 Re6 42. Rd7 h5 43. Bd8+ Kg6 44. Rd6 Rxd6 45. cxd6 Kf5 46. gxf4 exf4 47. Bg5 f3+ 48. Kg3 Ke6 49. Kf4 1-0